| 000 | 00546nam a2200181Ia 4500 | ||
|---|---|---|---|
| 999 |
_c14123 _d14123 |
||
| 003 | OSt | ||
| 005 | 20201015111146.0 | ||
| 008 | 190216s9999||||xx |||||||||||||| ||und|| | ||
| 020 | _a9780140586671 | ||
| 040 | _coclc | ||
| 082 |
_a823.914 _bNAR/M |
||
| 100 |
_aNarayan, R K _94797 |
||
| 245 | 0 |
_aMalgudi Landscapes The Best Of R K Narayan / _cR K Narayan , Krishnan S |
|
| 260 |
_bPenguin Books , _c1992. _aNew Zealand: |
||
| 300 | _a398p | ||
| 650 | _aEnglish General | ||
| 942 |
_cBK _2ddc _h823.914 _iNAR/M _k823.914 _mNAR/M |
||